Normal view
MARC view
Entry Topical Term
001 - CONTROL NUMBER
- control field: 50523
003 - CONTROL NUMBER IDENTIFIER
- control field: OSt
005 - DATE AND TIME OF LATEST TRANSACTION
- control field: 20160405124323.0
008 - FIXED-LENGTH DATA ELEMENTS
- fixed length control field: 160405|| aca||aabn | a|a d
040 ## - CATALOGING SOURCE
- Original cataloging agency: OSt
- Transcribing agency: OSt
150 ## - HEADING--TOPICAL TERM
- Topical term or geographic name entry element: General
670 ## - SOURCE DATA FOUND
- Source citation: Work cat.: (OSt)46279: रचन भोला यामिनी 50522, कैसे बनाऍ बच्चों का भविष्य उज्जवल , 2010









